| 000 | 00559nam a2200217Ia 4500 | ||
|---|---|---|---|
| 008 | 210210b2015 xxu||||| |||| 00| 0 eng d | ||
| 020 | _a9789382974352 | ||
| 041 | _aeng | ||
| 082 | _a338.46 SHAB | ||
| 100 | _aSHARMA (Neetu) | ||
| 245 | _aBasics of travel tourism and hospitality industry | ||
| 260 |
_aDelhi _bNavyug Books International _c2015 |
||
| 300 | _axvii,229 | ||
| 650 | _atravel | ||
| 650 | _atourism | ||
| 650 | _aindustry | ||
| 650 | _ahospitality | ||
| 650 | _aBasics | ||
| 690 | _aSecondary Industries & Services | ||
| 906 | _a071905 | ||
| 999 |
_c121638 _d121638 |
||